Tvaruje detské dušičky dnes našiel odvahu Mgr. Stanislav Šalko, výtvarný pedagóg

Bibliographic Details
Main Authors: Országh, Milan (Author, Interviewer), Šalko, Stanislav, 1959- (Author)
Format: Article
Language:Slovak
Subjects:
Online Access:www.vecernik.po.sk

MARC

LEADER 00000nab a2200000 a 4500
001 vtls008625865
003 SK-MaSNL
005 20260303071904.0
008 060224c20060105xo dr n 000 00slo
038 |a SVKPOCL 
040 |a SVKPOCL  |b slo  |c AACR2  |e AACR2 
041 |a slo 
044 |a xo  |c SK 
080 |a 75.071.2  |2 1997 
080 |a 37-051  |2 1997 
080 |a 929 Šalko, Stanislav  |2 1997 
100 1 |a Országh, Milan  |4 ivr  |4 aut  |9 371464 
245 1 0 |a Tvaruje detské dušičky  |b dnes našiel odvahu Mgr. Stanislav Šalko, výtvarný pedagóg  |c Milan Országh 
300 |a Fotogr. 
600 1 7 |a Šalko, Stanislav,  |d 1959-  |2 SNKMA  |9 704395 
651 7 |a Prešov (Slovensko)  |2 svkpocl  |9 17347 
700 1 |a Šalko, Stanislav,  |d 1959-  |4 ive  |4 aut  |9 704395 
773 0 |t Prešovský večerník  |g Roč. XVII, č. 3867 (5.1.2006), s. 9  |x 1336-4030 
852 |a SVKPO  |b KIS3GCP 
856 4 1 |u www.vecernik.po.sk 
958 |a BX 
999 |c 1761843  |d 1763773